'90s TV by Actor Quiz Stats

 Plays Quiz Updated Dec 9, 2018

Also try: 2000s TV by Actors
Challenge
Share
Tweet
Embed
Score 0/44 Timer 10:00
1 Play Today
Actors' First Names '90s TV Show % Correct
Jennifer & LisaFriends
80.6%
Ashton & TopherThat 70s Show
79%
Tori & LukeBeverly Hills, 90210
73.4%
Kelsey & PeriFrasier
73.2%
Eric & DebraWill & Grace
67.6%
Doris & BradEverybody Loves Raymond
64.4%
Paul & HelenMad About You
63.9%
Calista & JaneAlly McBeal
63.8%
Gillian & DavidThe X Files
63%
Patricia & TimHome Improvement
62.8%
Neve & ScottParty of Five
62.6%
Julia & JasonSeinfeld
62.4%
Kim & CynthiaSex and the City
60.5%
Fran & CharlesThe Nanny
60.4%
Will & AlfonsoThe Fresh Prince of Bel-Air
58.4%
Noah & GeorgeER
57.4%
Tamera & TiaSister, Sister
55.5%
Shannen & AlyssaCharmed
51.1%
Mayim & JoeyBlossom
47%
Dean & TeriLois & Clark: The New Adventures of Superman
42.3%
Andrew & CourtneyMelrose Place
41%
Keenen & DamonIn Living Color
39.8%
Actors' First Names '90s TV Show % Correct
Ben & RiderBoy Meets World
39.2%
Kevin & LeahThe King of Queens
38.6%
Edie & JamesThe Sopranos
38.6%
James & KatieDawson's Creek
38%
Roma & DellaTouched By An Angel
37.2%
Jimmy & DennisNYPD Blue
32.7%
Brooke & JuddSuddenly Susan
31.6%
Camryn & DylanThe Practice
27.4%
Sarah & NicholasBuffy the Vampire Slayer
26.4%
Beverley & Stephen7th Heaven
25.1%
Don & CheechNash Bridges
25%
Martin & RobThe West Wing
23.3%
Sam & JerryLaw & Order
22.7%
Kyle & MädchenTwin Peaks
20.2%
Mandy & ChristineChicago Hope
18.5%
Lucy & RenéeXena: Warrior Princess
17.2%
Garry & RipThe Larry Sanders Show
16.5%
John & Jane3rd Rock From the Sun
14.8%
Michael & BarrySpin City
13.7%
Brett & JulieGrace Under Fire
13.4%
Avery & ReneStar Trek Deep Space Nine
10.9%
Tom & CostasPicket Fences
7.7%

You're not logged in!

Compare scores with friends on all Sporcle quizzes.
OR
Log In

You Might Also Like...

Show Comments

Extras

Top Quizzes Today


Score Distribution

Your Account Isn't Verified!

In order to create a playlist on Sporcle, you need to verify the email address you used during registration. Go to your Sporcle Settings to finish the process.

Report this User

Report this user for behavior that violates our Community Guidelines.

Details: